[Event "AsianNationCup2018-OpenRapid"]
[Site "?"]
[Date "2018.07.27"]
[Round "5.15"]
[White "Nguyen, Anh Khoi"]
[Black "Bai, Jinshi"]
[Result "0-1"]
[BlackElo "2443"]
[WhiteElo "2122"]
[LiveChessVersion "1.4.8"]

1. Nf3 {[%clk 0:15:18]} Nf6 {[%clk 0:15:08]} 2. c4 {[%clk 0:15:01]} g6
{[%clk 0:14:27]} 3. Nc3 {[%clk 0:15:05]} Bg7 {[%clk 0:14:35]} 4. e4
{[%clk 0:15:08]} d6 {[%clk 0:14:40]} 5. d4 {[%clk 0:15:16]} O-O {[%clk 0:14:47]}
6. Be2 {[%clk 0:15:15]} e5 {[%clk 0:14:36]} 7. dxe5 {[%clk 0:15:18]} dxe5
{[%clk 0:14:45]} 8. O-O {[%clk 0:15:26]} c6 {[%clk 0:13:27]} 9. Nxe5
{[%clk 0:15:31]} Nxe4 {[%clk 0:12:11]} 10. Nxe4 {[%clk 0:15:06]} Bxe5
{[%clk 0:11:42]} 11. Bg5 {[%clk 0:15:14]} Qxd1 {[%clk 0:11:19]} 12. Rfxd1
{[%clk 0:15:20]} Bf5 {[%clk 0:10:12]} 13. Nd6 {[%clk 0:14:48]} Bxd6
{[%clk 0:09:59]} 14. Rxd6 {[%clk 0:14:56]} Nd7 {[%clk 0:09:56]} 15. Rad1
{[%clk 0:14:48]} Rfe8 {[%clk 0:09:13]} 16. Bf1 {[%clk 0:14:21]} Nc5
{[%clk 0:08:43]} 17. f3 {[%clk 0:14:26]} Re6 {[%clk 0:07:12]} 18. Rd8+
{[%clk 0:14:26]} Re8 {[%clk 0:06:58]} 19. R8d6 {[%clk 0:13:34]} Re6
{[%clk 0:07:06]} 20. R6d2 {[%clk 0:13:42]} Ree8 {[%clk 0:05:45]} 21. Bf6
{[%clk 0:13:36]} h6 {[%clk 0:05:30]} 22. Kf2 {[%clk 0:12:30]} g5 {[%clk 0:05:16]}
23. h4 {[%clk 0:11:52]} gxh4 {[%clk 0:04:56]} 24. Bxh4 {[%clk 0:11:43]} Kg7
{[%clk 0:04:51]} 25. Bg3 {[%clk 0:11:13]} h5 {[%clk 0:04:02]} 26. Bf4
{[%clk 0:10:23]} Ne6 {[%clk 0:03:33]} 27. Be3 {[%clk 0:10:31]} b6
{[%clk 0:02:56]} 28. Be2 {[%clk 0:08:58]} c5 {[%clk 0:02:03]} 29. Rd5
{[%clk 0:08:57]} Kf6 {[%clk 0:01:51]} 30. Rh1 {[%clk 0:07:45]} Bg6
{[%clk 0:01:48]} 31. f4 {[%clk 0:07:35]} Rad8 {[%clk 0:01:46]} 32. Bxh5
{[%clk 0:06:43]} Be4 {[%clk 0:01:35]} 33. Rxd8 {[%clk 0:06:25]} Rxd8 34. Be2
{[%clk 0:06:11]} Ke7 {[%clk 0:01:25]} 35. Re1 {[%clk 0:06:01]} f5
{[%clk 0:01:14]} 36. Rh1 {[%clk 0:06:00]} Rg8 {[%clk 0:01:12]} 37. Rh2
{[%clk 0:05:30]} Rg7 {[%clk 0:01:12]} 38. g3 {[%clk 0:05:39]} Nd4
{[%clk 0:00:57]} 39. Bf1 {[%clk 0:05:04]} Nc2 {[%clk 0:00:45]} 40. Bd2
{[%clk 0:05:05]} Nd4 {[%clk 0:00:44]} 41. Rh8 {[%clk 0:05:09]} Kf6
{[%clk 0:00:36]} 42. Rh6+ {[%clk 0:05:05]} Kf7 {[%clk 0:00:38]} 43. Bc3
{[%clk 0:05:13]} Ke7 {[%clk 0:00:34]} 44. b4 {[%clk 0:05:14]} Kd7
{[%clk 0:00:36]} 45. bxc5 {[%clk 0:04:56]} bxc5 {[%clk 0:00:46]} 46. Ra6
{[%clk 0:05:04]} Kc8 {[%clk 0:00:44]} 47. Rh6 {[%clk 0:04:11]} Rd7
{[%clk 0:00:28]} 48. Bh3 {[%clk 0:03:44]} Nc2 {[%clk 0:00:26]} 49. Re6
{[%clk 0:03:15]} Bd3 {[%clk 0:00:20]} 50. Re5 {[%clk 0:03:17]} Kb7
{[%clk 0:00:24]} 51. Rxc5 {[%clk 0:03:14]} Rh7 {[%clk 0:00:23]} 52. Bxf5
{[%clk 0:03:17]} Bxf5 {[%clk 0:00:31]} 53. Rxf5 {[%clk 0:03:19]} Rh2+
{[%clk 0:00:34]} 54. Kf3 {[%clk 0:03:26]} Na3 {[%clk 0:00:40]} 55. Rf7+
{[%clk 0:03:21]} 0-1

[Event "AsianNationCup2018-OpenRapid"]
[Site "?"]
[Date "2018.07.27"]
[Round "5.16"]
[White "Xu, Xiangyu"]
[Black "Nguyen, Duc Hoa"]
[Result "1-0"]
[BlackElo "2490"]
[WhiteElo "2301"]
[LiveChessVersion "1.4.8"]

1. d4 {[%clk 0:15:17]} Nf6 {[%clk 0:15:19]} 2. c4 {[%clk 0:15:25]} g6
{[%clk 0:15:27]} 3. Nf3 {[%clk 0:15:19]} Bg7 {[%clk 0:15:36]} 4. g3
{[%clk 0:15:26]} c6 {[%clk 0:15:43]} 5. Bg2 {[%clk 0:14:16]} d5 {[%clk 0:15:52]}
6. cxd5 {[%clk 0:12:53]} cxd5 {[%clk 0:16:01]} 7. O-O {[%clk 0:13:00]} O-O
{[%clk 0:16:08]} 8. Ne5 {[%clk 0:13:01]} Ng4 {[%clk 0:16:17]} 9. Nf3
{[%clk 0:10:43]} Nf6 {[%clk 0:16:26]} 10. Nc3 {[%clk 0:10:38]} Ne4
{[%clk 0:16:34]} 11. e3 {[%clk 0:10:27]} Nxc3 {[%clk 0:16:04]} 12. bxc3
{[%clk 0:10:36]} Nc6 {[%clk 0:16:13]} 13. Nd2 {[%clk 0:10:19]} Na5
{[%clk 0:15:52]} 14. Ba3 {[%clk 0:10:11]} Re8 {[%clk 0:16:00]} 15. Qf3
{[%clk 0:08:30]} Be6 {[%clk 0:15:44]} 16. Rfc1 {[%clk 0:08:02]} Rc8
{[%clk 0:15:50]} 17. Bb4 {[%clk 0:07:49]} Nc6 {[%clk 0:15:58]} 18. Bc5
{[%clk 0:07:32]} b6 {[%clk 0:15:49]} 19. Ba3 {[%clk 0:07:41]} Na5
{[%clk 0:15:57]} 20. Bb4 {[%clk 0:07:19]} Nc6 {[%clk 0:16:06]} 21. Ba3
{[%clk 0:07:09]} Na5 {[%clk 0:16:15]} 22. Bb4 {[%clk 0:06:18]} Nc6
{[%clk 0:16:24]} 23. Ba3 {[%clk 0:05:40]} Qd7 {[%clk 0:16:33]} 24. h3
{[%clk 0:05:25]} Na5 {[%clk 0:16:28]} 25. Bb4 {[%clk 0:05:34]} Nc6
{[%clk 0:16:37]} 26. Ba3 {[%clk 0:05:42]} h5 {[%clk 0:16:38]} 27. Kh2
{[%clk 0:05:49]} Na5 {[%clk 0:16:45]} 28. Bb4 {[%clk 0:05:58]} Nc6
{[%clk 0:16:54]} 29. Ba3 {[%clk 0:06:07]} Red8 {[%clk 0:16:39]} 30. Qe2
{[%clk 0:05:43]} Na5 {[%clk 0:16:42]} 31. Bb4 {[%clk 0:05:47]} Nc6
{[%clk 0:16:48]} 32. Ba3 {[%clk 0:05:55]} Na5 {[%clk 0:16:57]} 33. Bb4
{[%clk 0:05:56]} Nc4 {[%clk 0:17:04]} 34. Nxc4 {[%clk 0:05:43]} Rxc4
{[%clk 0:17:13]} 35. Qb2 {[%clk 0:05:51]} Bf5 {[%clk 0:17:07]} 36. Bf1
{[%clk 0:05:51]} Rc7 {[%clk 0:17:15]} 37. a4 {[%clk 0:05:33]} Be4
{[%clk 0:17:22]} 38. a5 Qf5 {[%clk 0:17:22]} 39. Qe2 {[%clk 0:05:17]} e5
{[%clk 0:17:08]} 40. axb6 {[%clk 0:05:15]} axb6 {[%clk 0:17:16]} 41. Bg2
{[%clk 0:05:13]} exd4 {[%clk 0:17:03]} 42. exd4 {[%clk 0:05:02]} Rc6
{[%clk 0:16:22]} 43. Bxe4 {[%clk 0:04:10]} dxe4 {[%clk 0:16:25]} 44. Re1
{[%clk 0:04:19]} Re6 {[%clk 0:16:27]} 45. Kg2 {[%clk 0:03:44]} Bh6
{[%clk 0:16:23]} 46. Rad1 {[%clk 0:03:40]} e3 {[%clk 0:15:53]} 47. Qf3
{[%clk 0:02:31]} Qxf3+ {[%clk 0:15:40]} 48. Kxf3 {[%clk 0:02:37]} Rf6+
{[%clk 0:15:49]} 49. Ke2 {[%clk 0:02:29]} exf2 {[%clk 0:15:39]} 50. Rf1
{[%clk 0:02:29]} Re8+ {[%clk 0:15:18]} 51. Kd3 {[%clk 0:02:38]} Rf3+
{[%clk 0:14:58]} 52. Kc4 {[%clk 0:02:42]} Bf8 {[%clk 0:14:30]} 53. d5
{[%clk 0:02:17]} Re4+ {[%clk 0:12:34]} 54. Kb5 {[%clk 0:02:05]} Bxb4
{[%clk 0:12:42]} 55. cxb4 {[%clk 0:02:14]} Kf8 {[%clk 0:12:51]} 56. Rd2
{[%clk 0:02:05]} Rxg3 {[%clk 0:10:41]} 57. Rdxf2 {[%clk 0:00:44]} f5
{[%clk 0:10:50]} 58. Rf4 {[%clk 0:00:44]} Ke7 {[%clk 0:10:45]} 59. Rxe4+
{[%clk 0:00:38]} fxe4 {[%clk 0:10:54]} 60. Rf4 {[%clk 0:00:48]} Kd6
{[%clk 0:10:50]} 61. Kc4 {[%clk 0:00:23]} Ke5 {[%clk 0:10:51]} 62. Rf8
{[%clk 0:00:21]} b5+ {[%clk 0:11:00]} 63. Kc5 {[%clk 0:00:16]} Rc3+
{[%clk 0:11:08]} 64. Kxb5 {[%clk 0:00:24]} Kxd5 {[%clk 0:11:17]} 65. h4
{[%clk 0:00:22]} e3 {[%clk 0:11:22]} 66. Rg8 {[%clk 0:00:24]} e2 {[%clk 0:11:22]}
67. Re8 {[%clk 0:00:32]} Rc2 {[%clk 0:11:31]} 68. Ka4 {[%clk 0:00:12]} Kc4
{[%clk 0:11:39]} 69. Ka3 {[%clk 0:00:22]} Kc3 {[%clk 0:11:45]} 70. b5
{[%clk 0:00:20]} Kd2 {[%clk 0:11:41]} 71. Rd8+ {[%clk 0:00:17]} Kc1
{[%clk 0:11:23]} 72. Re8 {[%clk 0:00:25]} Kd1 {[%clk 0:11:22]} 73. b6
{[%clk 0:00:24]} Rc6 {[%clk 0:11:24]} 74. Rd8+ {[%clk 0:00:28]} Ke1
{[%clk 0:11:31]} 75. Rb8 {[%clk 0:00:22]} Kf2 {[%clk 0:11:39]} 76. Rf8+
{[%clk 0:00:23]} Kg3 {[%clk 0:11:44]} 77. Re8 {[%clk 0:00:14]} Rxb6
{[%clk 0:11:51]} 78. Rxe2 {[%clk 0:00:22]} Kxh4 {[%clk 0:12:00]} 1-0

[Event "AsianNationCup2018-OpenRapid"]
[Site "?"]
[Date "2018.07.27"]
[Round "6.1"]
[White "Maghsoodloo, Parham"]
[Black "Yakubboev, Nodirbek"]
[Result "1-0"]
[BlackElo "2272"]
[WhiteElo "2393"]
[LiveChessVersion "1.4.8"]

1. b3 {[%clk 0:15:18]} g6 {[%clk 0:14:44]} 2. Bb2 {[%clk 0:15:27]} Nf6
{[%clk 0:14:53]} 3. g3 {[%clk 0:15:23]} Bg7 {[%clk 0:14:54]} 4. Bg2
{[%clk 0:15:31]} d5 {[%clk 0:14:44]} 5. Nf3 {[%clk 0:15:38]} c5 {[%clk 0:14:32]}
6. O-O {[%clk 0:15:41]} O-O {[%clk 0:14:18]} 7. c4 {[%clk 0:15:49]} d4
{[%clk 0:13:36]} 8. e3 {[%clk 0:15:57]} Nc6 {[%clk 0:13:42]} 9. exd4
{[%clk 0:16:03]} cxd4 {[%clk 0:13:40]} 10. Re1 {[%clk 0:15:44]} Nd7
{[%clk 0:13:44]} 11. d3 {[%clk 0:15:19]} e5 {[%clk 0:13:36]} 12. a3
{[%clk 0:12:26]} a5 {[%clk 0:13:44]} 13. Nbd2 {[%clk 0:12:31]} Nc5
{[%clk 0:12:49]} 14. Ne4 {[%clk 0:12:19]} Na6 {[%clk 0:12:13]} 15. b4
{[%clk 0:11:47]} axb4 {[%clk 0:12:08]} 16. axb4 {[%clk 0:11:56]} Ncxb4
{[%clk 0:12:15]} 17. Ba3 {[%clk 0:12:06]} Bf5 {[%clk 0:09:47]} 18. Qb3
{[%clk 0:08:12]} Bxe4 19. dxe4 {[%clk 0:08:21]} Nc5 {[%clk 0:07:45]} 20. Qxb4
{[%clk 0:08:22]} Nd3 {[%clk 0:07:51]} 21. Qb3 {[%clk 0:05:13]} Nxe1
{[%clk 0:07:58]} 22. Rxe1 {[%clk 0:05:22]} Re8 {[%clk 0:08:03]} 23. c5
{[%clk 0:05:25]} Qa5 {[%clk 0:07:43]} 24. Bb4 {[%clk 0:05:34]} Qa4
{[%clk 0:07:34]} 25. Qb1 {[%clk 0:05:35]} Qa2 {[%clk 0:07:18]} 26. Bf1
{[%clk 0:05:44]} Bf8 {[%clk 0:06:49]} 27. Bb5 {[%clk 0:05:00]} Rec8
{[%clk 0:06:26]} 28. Nxe5 {[%clk 0:04:29]} Bxc5 {[%clk 0:05:29]} 29. Qxa2
{[%clk 0:04:18]} Rxa2 {[%clk 0:05:33]} 30. Rc1 {[%clk 0:04:26]} d3
{[%clk 0:03:46]} 31. Rxc5 {[%clk 0:02:51]} Rxc5 32. Bxc5 {[%clk 0:03:01]} d2
{[%clk 0:03:58]} 33. Be2 {[%clk 0:03:10]} Ra1+ {[%clk 0:03:57]} 34. Kg2
{[%clk 0:03:19]} b5 {[%clk 0:03:40]} 35. Kf3 {[%clk 0:03:14]} d1=Q
{[%clk 0:03:39]} 36. Bxd1 {[%clk 0:03:23]} Rxd1 {[%clk 0:03:45]} 37. h4
{[%clk 0:02:30]} f6 {[%clk 0:03:33]} 38. Ke2 {[%clk 0:02:32]} Rc1
{[%clk 0:03:39]} 39. Nd3 {[%clk 0:02:41]} Rc4 {[%clk 0:03:47]} 40. Ke3
{[%clk 0:02:34]} h5 {[%clk 0:03:42]} 41. Bd4 {[%clk 0:02:26]} Rc6
{[%clk 0:02:46]} 42. Nb4 {[%clk 0:02:25]} Re6 {[%clk 0:02:29]} 43. Nd5
{[%clk 0:02:32]} f5 {[%clk 0:02:34]} 44. e5 {[%clk 0:02:32]} Kf7 {[%clk 0:02:37]}
45. Nc7 {[%clk 0:02:32]} 1-0

[Event "AsianNationCup2018-OpenRapid"]
[Site "?"]
[Date "2018.07.27"]
[Round "6.2"]
[White "Khoroshev, Nikita"]
[Black "Idani, Pouya"]
[Result "1/2-1/2"]
[BlackElo "2462"]
[WhiteElo "2286"]
[LiveChessVersion "1.4.8"]

1. Nf3 {[%clk 0:15:17]} d5 {[%clk 0:15:17]} 2. g3 {[%clk 0:15:26]} Nf6
{[%clk 0:15:21]} 3. Bg2 {[%clk 0:15:34]} c5 {[%clk 0:15:26]} 4. d3
{[%clk 0:15:41]} Nc6 {[%clk 0:15:31]} 5. O-O {[%clk 0:15:38]} g6 {[%clk 0:15:39]}
6. Nc3 {[%clk 0:15:42]} Bg7 {[%clk 0:15:42]} 7. e4 {[%clk 0:15:48]} O-O
{[%clk 0:15:44]} 8. h3 {[%clk 0:15:41]} dxe4 {[%clk 0:15:35]} 9. dxe4
{[%clk 0:15:39]} Be6 {[%clk 0:15:31]} 10. Be3 {[%clk 0:13:24]} Qa5
{[%clk 0:15:15]} 11. Qc1 {[%clk 0:11:45]} Rfd8 {[%clk 0:15:08]} 12. Re1
{[%clk 0:11:01]} Rac8 {[%clk 0:12:49]} 13. Nd2 {[%clk 0:10:21]} c4
{[%clk 0:11:10]} 14. Nf3 {[%clk 0:07:27]} Ne8 {[%clk 0:06:23]} 15. Bd2
{[%clk 0:07:16]} Qa6 {[%clk 0:06:00]} 16. Ng5 {[%clk 0:06:59]} Bd7
{[%clk 0:05:56]} 17. f4 {[%clk 0:07:07]} e5 {[%clk 0:04:28]} 18. Kh2
{[%clk 0:05:39]} Nf6 {[%clk 0:03:12]} 19. Nf3 {[%clk 0:05:07]} Re8
{[%clk 0:03:01]} 20. Nh4 {[%clk 0:02:17]} Nd4 {[%clk 0:02:11]} 21. Be3
{[%clk 0:02:10]} Nh5 {[%clk 0:02:18]} 22. Nd5 {[%clk 0:02:16]} exf4
{[%clk 0:02:03]} 23. gxf4 {[%clk 0:02:22]} Bc6 {[%clk 0:01:53]} 24. e5
{[%clk 0:02:07]} Bxd5 {[%clk 0:01:48]} 25. Bxd5 {[%clk 0:02:16]} Rcd8
{[%clk 0:01:48]} 26. Bg2 {[%clk 0:02:15]} Bh6 {[%clk 0:01:12]} 27. c3
{[%clk 0:02:06]} Ne6 {[%clk 0:01:20]} 28. f5 Bxe3 {[%clk 0:01:17]} 29. Qxe3
{[%clk 0:02:24]} Nef4 {[%clk 0:01:19]} 30. Bf1 {[%clk 0:01:41]} Rd5
{[%clk 0:00:50]} 31. e6 {[%clk 0:01:45]} fxe6 {[%clk 0:00:55]} 32. fxg6
{[%clk 0:01:54]} hxg6 {[%clk 0:00:59]} 33. Rad1 {[%clk 0:01:39]} Qd6
{[%clk 0:01:06]} 34. Rxd5 {[%clk 0:01:39]} Nxd5+ {[%clk 0:01:14]} 35. Qe5
{[%clk 0:01:48]} Qxe5+ {[%clk 0:00:49]} 36. Rxe5 {[%clk 0:01:57]} Kf7
{[%clk 0:00:34]} 37. Bxc4 {[%clk 0:02:06]} Nhf4 {[%clk 0:00:39]} 38. Nf3
{[%clk 0:02:02]} Kf6 {[%clk 0:00:48]} 39. Re4 {[%clk 0:01:44]} g5
{[%clk 0:00:54]} 40. Kg3 {[%clk 0:01:45]} Rh8 {[%clk 0:00:58]} 41. h4
{[%clk 0:01:54]} gxh4+ {[%clk 0:01:06]} 42. Nxh4 {[%clk 0:02:03]} Rg8+
{[%clk 0:01:07]} 43. Kf3 {[%clk 0:02:11]} Nh3 {[%clk 0:00:56]} 44. Bxd5
{[%clk 0:01:55]} exd5 {[%clk 0:01:02]} 45. Ra4 {[%clk 0:01:58]} Ng5+
{[%clk 0:01:02]} 46. Ke3 {[%clk 0:02:03]} a6 {[%clk 0:01:05]} 47. Rb4
{[%clk 0:01:59]} Re8+ {[%clk 0:01:04]} 48. Kd3 {[%clk 0:01:59]} b5
{[%clk 0:00:54]} 49. a4 {[%clk 0:01:59]} bxa4 {[%clk 0:00:41]} 50. Rxa4
{[%clk 0:02:07]} Re6 {[%clk 0:00:51]} 51. Ng2 {[%clk 0:02:09]} Ne4
{[%clk 0:00:52]} 52. Ra5 {[%clk 0:02:16]} Nf2+ {[%clk 0:00:33]} 53. Kd2
{[%clk 0:02:25]} Ne4+ {[%clk 0:00:42]} 54. Kc2 {[%clk 0:02:34]} Ke5
{[%clk 0:00:43]} 55. Ne3 {[%clk 0:02:41]} Nf6 {[%clk 0:00:52]} 56. Nc4+
{[%clk 0:02:47]} Kf4 {[%clk 0:00:58]} 57. Nd2 {[%clk 0:02:51]} Rc6
{[%clk 0:00:53]} 58. Nb3 {[%clk 0:02:58]} Rb6 {[%clk 0:00:58]} 59. Nc5
{[%clk 0:03:01]} Rc6 {[%clk 0:00:33]} 60. Nd3+ {[%clk 0:02:46]} Ke4
{[%clk 0:00:37]} 61. Nb4 {[%clk 0:02:36]} Rd6 {[%clk 0:00:47]} 62. Nxa6
{[%clk 0:02:38]} d4 {[%clk 0:00:56]} 63. Nc5+ {[%clk 0:02:43]} Ke3
{[%clk 0:01:03]} 64. cxd4 {[%clk 0:02:10]} Kxd4 {[%clk 0:00:50]} 65. Nb3+
{[%clk 0:02:08]} Ke3 {[%clk 0:00:49]} 66. Rc5 {[%clk 0:01:51]} Ne4
{[%clk 0:00:53]} 67. Rc8 {[%clk 0:02:00]} Rd5 {[%clk 0:00:58]} 68. Rc4
{[%clk 0:02:02]} Nd6 {[%clk 0:00:55]} 69. Rc3+ {[%clk 0:02:11]} Kf4
{[%clk 0:01:01]} 70. Nc1 {[%clk 0:02:07]} Nb5 {[%clk 0:01:02]} 71. Rc8
{[%clk 0:02:09]} Nd6 {[%clk 0:00:55]} 72. Rc7 {[%clk 0:01:56]} Nb5
{[%clk 0:00:53]} 73. Re7 {[%clk 0:02:05]} Kf5 {[%clk 0:00:58]} 74. Nb3
{[%clk 0:02:05]} Kf6 {[%clk 0:01:00]} 75. Re1 {[%clk 0:02:07]} Re5
{[%clk 0:01:03]} 76. Rd1 {[%clk 0:02:05]} Re2+ {[%clk 0:01:10]} 77. Kb1
{[%clk 0:02:13]} Ke5 {[%clk 0:01:07]} 78. Rd7 {[%clk 0:02:21]} Rh2
{[%clk 0:01:11]} 79. Rb7 {[%clk 0:02:25]} Nd6 {[%clk 0:01:19]} 80. Rc7
{[%clk 0:02:30]} Ne4 {[%clk 0:01:22]} 81. Rd7 {[%clk 0:02:26]} Ke6
{[%clk 0:01:29]} 82. Rd1 {[%clk 0:02:29]} Rh8 {[%clk 0:01:19]} 83. Nc1
{[%clk 0:02:10]} Rb8 {[%clk 0:01:27]} 84. Ne2 {[%clk 0:02:15]} Nf6
{[%clk 0:01:03]} 85. Nc3 {[%clk 0:02:13]} Nd7 {[%clk 0:01:08]} 86. Kc2
{[%clk 0:02:16]} Ne5 {[%clk 0:01:13]} 87. b3 {[%clk 0:02:17]} Nc6
{[%clk 0:01:19]} 88. Ne2 {[%clk 0:02:17]} Rd8 {[%clk 0:01:19]} 89. Nf4+
{[%clk 0:02:13]} Kf5 {[%clk 0:01:20]} 90. Rf1 {[%clk 0:01:33]} Nd4+
{[%clk 0:01:21]} 91. Kb2 {[%clk 0:01:39]} Ke4 {[%clk 0:01:27]} 92. Ng2
{[%clk 0:01:16]} Ke5 1/2-1/2

[Event "AsianNationCup2018-OpenRapid"]
[Site "?"]
[Date "2018.07.27"]
[Round "6.3"]
[White "Tabatabaei, M.Amin"]
[Black "Sindarov, Javokhir"]
[Result "1/2-1/2"]
[BlackElo "2287"]
[WhiteElo "2306"]
[LiveChessVersion "1.4.8"]

1. e4 {[%clk 0:15:19]} e5 {[%clk 0:15:19]} 2. Nf3 {[%clk 0:15:28]} Nc6
{[%clk 0:15:29]} 3. Bb5 {[%clk 0:15:37]} a6 {[%clk 0:15:38]} 4. Ba4
{[%clk 0:15:46]} Nf6 {[%clk 0:15:46]} 5. O-O {[%clk 0:15:55]} Be7
{[%clk 0:15:56]} 6. Re1 {[%clk 0:15:56]} b5 {[%clk 0:16:04]} 7. Bb3
{[%clk 0:16:05]} d6 {[%clk 0:16:13]} 8. c3 {[%clk 0:16:14]} O-O {[%clk 0:16:20]}
9. a4 {[%clk 0:16:23]} b4 {[%clk 0:15:18]} 10. a5 {[%clk 0:16:31]} Rb8
{[%clk 0:15:13]} 11. d3 {[%clk 0:16:14]} Be6 {[%clk 0:12:46]} 12. Bxe6 fxe6
{[%clk 0:12:54]} 13. Nbd2 {[%clk 0:16:32]} Nd7 {[%clk 0:12:32]} 14. Nc4
{[%clk 0:13:28]} d5 {[%clk 0:09:30]} 15. Ne3 {[%clk 0:12:34]} dxe4 16. dxe4
{[%clk 0:12:43]} Nc5 {[%clk 0:08:26]} 17. Qe2 {[%clk 0:12:05]} Qd3
{[%clk 0:08:29]} 18. Qxd3 {[%clk 0:10:59]} Nxd3 {[%clk 0:08:38]} 19. Rd1
{[%clk 0:11:08]} Rfd8 {[%clk 0:08:34]} 20. Nc4 {[%clk 0:10:22]} Nc5
{[%clk 0:07:11]} 21. Rxd8+ {[%clk 0:08:47]} Rxd8 {[%clk 0:07:19]} 22. Be3
{[%clk 0:08:57]} bxc3 {[%clk 0:07:23]} 23. Bxc5 {[%clk 0:08:32]} c2
{[%clk 0:06:52]} 24. Ne3 {[%clk 0:07:53]} Bxc5 {[%clk 0:06:49]} 25. Nxc2
{[%clk 0:08:02]} Rb8 {[%clk 0:05:35]} 26. Ra2 {[%clk 0:07:24]} Bd4
{[%clk 0:05:18]} 27. Ncxd4 {[%clk 0:06:16]} exd4 {[%clk 0:05:25]} 28. e5
{[%clk 0:06:25]} Rb5 {[%clk 0:03:49]} 29. Kf1 {[%clk 0:05:54]} Rd5
{[%clk 0:03:24]} 30. Ke2 {[%clk 0:05:10]} d3+ {[%clk 0:03:17]} 31. Kd2
{[%clk 0:04:46]} Nxa5 {[%clk 0:03:25]} 32. b4 {[%clk 0:04:56]} Nc6
{[%clk 0:01:51]} 33. Rxa6 {[%clk 0:02:35]} Nxb4 {[%clk 0:01:59]} 34. Rxe6
{[%clk 0:02:43]} Rc5 {[%clk 0:01:04]} 35. Ke3 {[%clk 0:01:53]} h6
{[%clk 0:01:00]} 36. Re8+ {[%clk 0:01:13]} Kf7 {[%clk 0:01:09]} 37. Rb8
{[%clk 0:01:18]} Nc6 {[%clk 0:00:47]} 38. Rc8 {[%clk 0:01:08]} Nxe5
{[%clk 0:00:28]} 1/2-1/2

[Event "AsianNationCup2018-OpenRapid"]
[Site "?"]
[Date "2018.07.27"]
[Round "6.5"]
[White "Lu, Shanglei"]
[Black "Ganguly, Surya Shekhar"]
[Result "1-0"]
[BlackElo "2619"]
[WhiteElo "2663"]
[LiveChessVersion "1.4.8"]

1. e4 {[%clk 0:15:17]} c6 {[%clk 0:15:16]} 2. Nc3 {[%clk 0:15:25]} d5
{[%clk 0:15:22]} 3. Nf3 {[%clk 0:15:33]} Nf6 {[%clk 0:15:25]} 4. e5
{[%clk 0:15:39]} Ne4 {[%clk 0:15:30]} 5. Nxe4 {[%clk 0:15:48]} dxe4
{[%clk 0:15:37]} 6. Ng5 {[%clk 0:15:56]} Qd5 {[%clk 0:12:47]} 7. Qe2
{[%clk 0:16:05]} Qxe5 {[%clk 0:11:39]} 8. Nxe4 {[%clk 0:15:43]} Bf5
{[%clk 0:11:40]} 9. d3 {[%clk 0:15:48]} e6 {[%clk 0:11:48]} 10. f4
{[%clk 0:15:40]} Qa5+ {[%clk 0:10:24]} 11. Bd2 {[%clk 0:15:45]} Qa4
{[%clk 0:10:32]} 12. Nc3 {[%clk 0:14:27]} Qxc2 {[%clk 0:09:24]} 13. g4
{[%clk 0:14:35]} Be7 {[%clk 0:09:33]} 14. h4 {[%clk 0:14:44]} Bxg4
{[%clk 0:07:03]} 15. Qxg4 {[%clk 0:14:51]} Bf6 {[%clk 0:07:12]} 16. Qd1
{[%clk 0:12:22]} Qxb2 {[%clk 0:03:16]} 17. Rb1 {[%clk 0:12:31]} Qa3
{[%clk 0:03:25]} 18. Ne4 {[%clk 0:12:39]} b6 {[%clk 0:03:03]} 19. Qc2
{[%clk 0:07:01]} Be7 {[%clk 0:02:08]} 20. Bc3 {[%clk 0:06:15]} f6
{[%clk 0:01:56]} 21. Bh3 {[%clk 0:06:03]} f5 {[%clk 0:00:53]} 22. Ng5
{[%clk 0:05:45]} Bxg5 {[%clk 0:00:34]} 23. hxg5 {[%clk 0:05:52]} Kf7
{[%clk 0:00:32]} 24. Bb4 {[%clk 0:04:49]} Qa6 {[%clk 0:00:41]} 25. Bxf5
{[%clk 0:04:56]} exf5 {[%clk 0:00:48]} 26. Qb3+ {[%clk 0:05:04]} Ke8
{[%clk 0:00:57]} 27. Qe6+ {[%clk 0:05:10]} Kd8 {[%clk 0:01:06]} 28. Be7+
{[%clk 0:05:15]} 1-0

[Event "AsianNationCup2018-OpenRapid"]
[Site "?"]
[Date "2018.07.27"]
[Round "6.6"]
[White "Adhiban, B."]
[Black "Wen, Yang"]
[Result "0-1"]
[BlackElo "2571"]
[WhiteElo "2673"]
[LiveChessVersion "1.4.8"]

1. d4 {[%clk 0:15:17]} Nf6 {[%clk 0:15:19]} 2. c4 {[%clk 0:15:25]} e6
{[%clk 0:15:28]} 3. Nf3 {[%clk 0:15:32]} d5 {[%clk 0:15:36]} 4. Nc3
{[%clk 0:15:34]} c5 {[%clk 0:15:43]} 5. e3 {[%clk 0:14:35]} a6 {[%clk 0:15:33]}
6. cxd5 {[%clk 0:13:56]} exd5 {[%clk 0:15:39]} 7. Be2 {[%clk 0:11:12]} Nc6
{[%clk 0:15:44]} 8. O-O {[%clk 0:11:18]} Be6 {[%clk 0:15:04]} 9. b3
{[%clk 0:10:19]} Rc8 {[%clk 0:15:10]} 10. Bb2 {[%clk 0:10:27]} cxd4
{[%clk 0:12:56]} 11. Nxd4 {[%clk 0:10:35]} Nxd4 {[%clk 0:13:04]} 12. Qxd4
{[%clk 0:10:42]} Bc5 {[%clk 0:13:12]} 13. Qa4+ {[%clk 0:10:13]} Bd7
{[%clk 0:11:48]} 14. Qh4 {[%clk 0:10:14]} O-O {[%clk 0:11:47]} 15. Rfd1
{[%clk 0:10:20]} Be6 {[%clk 0:11:33]} 16. Bf3 {[%clk 0:08:43]} Qe7
{[%clk 0:09:42]} 17. Na4 {[%clk 0:07:43]} Ba7 {[%clk 0:08:38]} 18. Bxf6
{[%clk 0:07:23]} gxf6 {[%clk 0:08:27]} 19. Bxd5 {[%clk 0:07:05]} Bf5
{[%clk 0:08:36]} 20. Qf4 {[%clk 0:04:33]} Bg6 {[%clk 0:08:40]} 21. Qf3
{[%clk 0:04:41]} b5 {[%clk 0:08:35]} 22. Nb2 {[%clk 0:02:49]} Qe5
{[%clk 0:08:36]} 23. Nc4 {[%clk 0:00:46]} bxc4 {[%clk 0:08:43]} 24. Bxc4
{[%clk 0:00:55]} a5 {[%clk 0:08:28]} 25. Rac1 {[%clk 0:01:00]} Rcd8
{[%clk 0:07:58]} 26. h4 {[%clk 0:00:31]} Bb8 {[%clk 0:07:15]} 27. g3
{[%clk 0:00:31]} Bh5 {[%clk 0:07:10]} 28. g4 {[%clk 0:00:39]} Bg6
{[%clk 0:07:19]} 29. h5 {[%clk 0:00:19]} Be4 {[%clk 0:07:24]} 30. Qh3
{[%clk 0:00:26]} h6 {[%clk 0:06:16]} 31. Bf1 {[%clk 0:00:31]} Kg7
{[%clk 0:06:02]} 32. Bg2 {[%clk 0:00:38]} Bh7 {[%clk 0:05:18]} 33. Bf3
{[%clk 0:00:41]} Qb2 {[%clk 0:05:19]} 34. Qf1 {[%clk 0:00:28]} Qe5
{[%clk 0:04:43]} 35. Qg2 {[%clk 0:00:35]} f5 {[%clk 0:04:27]} 36. g5
{[%clk 0:00:22]} Kh8 {[%clk 0:03:59]} 37. g6 {[%clk 0:00:19]} fxg6
{[%clk 0:03:45]} 38. Rxd8 {[%clk 0:00:26]} Rxd8 {[%clk 0:03:53]} 39. hxg6
{[%clk 0:00:34]} Rg8 {[%clk 0:03:43]} 40. Bh5 {[%clk 0:00:17]} f4
{[%clk 0:03:31]} 41. Qh3 {[%clk 0:00:11]} fxe3 {[%clk 0:02:55]} 42. Kh1
{[%clk 0:00:20]} exf2 {[%clk 0:02:38]} 43. Rf1 {[%clk 0:00:12]} Qe4+
{[%clk 0:02:41]} 44. Bf3 {[%clk 0:00:19]} Qxg6 {[%clk 0:02:48]} 0-1